Asimilace a překlánění národnosti obyvatelstva v Československu ve světle sčítání lidu 1950-1991
Národnostné zloženie Československa od r. 1950-1991. Prírastky resp. úbytky obyvateľstva podľa národnosti medzi jednotlivými sčítaniami ľudu. Štruktúra zmien národnosti obyvateľstva v SR, ČR a Československu.
Guardado en:
| Autor principal: | |
|---|---|
| Formato: | Capítulo de libro |
| Lenguaje: | checo |
| Materias: | |
| Etiquetas: |
Sin Etiquetas, Sea el primero en etiquetar este registro!
|
MARC
| LEADER | 00000naa a2200000 4500 | ||
|---|---|---|---|
| 001 | r023097 | ||
| 005 | 20230918115739.3 | ||
| 041 | 0 | |a cze | |
| 044 | |a CZ | ||
| 245 | 1 | 0 | |a Asimilace a překlánění národnosti obyvatelstva v Československu ve světle sčítání lidu 1950-1991 |c V. Srb |
| 520 | |a Národnostné zloženie Československa od r. 1950-1991. Prírastky resp. úbytky obyvateľstva podľa národnosti medzi jednotlivými sčítaniami ľudu. Štruktúra zmien národnosti obyvateľstva v SR, ČR a Československu. | ||
| 610 | 2 | 0 | |a národnosti |
| 610 | 2 | 0 | |a Československo |
| 610 | 2 | 0 | |a Česko |
| 610 | 2 | 0 | |a Slovensko |
| 610 | 2 | 0 | |a 1950-1991 |
| 610 | 2 | 0 | |a Česi |
| 610 | 2 | 0 | |a Slováci |
| 610 | 2 | 0 | |a Poliaci |
| 610 | 2 | 0 | |a Ukrajinci |
| 610 | 2 | 0 | |a Maďari |
| 610 | 2 | 0 | |a Nemci |
| 610 | 2 | 0 | |a prírastok obyvateľstva |
| 610 | 2 | 0 | |a sčítanie ľudu |
| 100 | 1 | |a Srb, Vladimír | |